Frank Environmental Studies-6 (Record no. 5242)
[ view plain ]
| 000 -LEADER | |
|---|---|
| fixed length control field | 00231nam a22000857a 4500 |
| 008 - FIXED-LENGTH DATA ELEMENTS--GENERAL INFORMATION | |
| fixed length control field | 170111b xxu||||| |||| 00| 0 eng d |
| 100 ## - MAIN ENTRY--PERSONAL NAME | |
| 9 (RLIN) | 2314 |
| Personal name | Tulsi. V |
| 245 ## - TITLE STATEMENT | |
| Title | Frank Environmental Studies-6 |
| 260 ## - PUBLICATION, DISTRIBUTION, ETC. (IMPRINT) | |
| Place of publication, distribution, etc. | New Delhi |
| Name of publisher, distributor, etc. | Frank Brothers |
| Date of publication, distribution, etc. | 2007 |
No items available.